<?xml version="1.0" encoding="UTF-8"?>
<marc:record xmlns:marc="http://www.loc.gov/MARC21/slim">
   <marc:leader>00000nam a2200000 a 4500</marc:leader>
   <marc:datafield ind1="1" ind2=" " tag="100">
      <marc:subfield code="a">Uhl-Hädicke, Isabella</marc:subfield>
      <marc:subfield code="4">aut</marc:subfield>
      <marc:subfield code="e">Verfasser/-in</marc:subfield>
   </marc:datafield>
   <marc:datafield ind1="0" ind2="0" tag="245">
      <marc:subfield code="a">Warum machen wir es nicht einfach?</marc:subfield>
   </marc:datafield>
   <marc:datafield ind1="0" ind2="0" tag="245">
      <marc:subfield code="b">die Psychologie der Klimakrise</marc:subfield>
   </marc:datafield>
   <marc:datafield ind1="0" ind2="0" tag="245">
      <marc:subfield code="c">Uhl-Hädicke, Isabella</marc:subfield>
   </marc:datafield>
   <marc:datafield ind1=" " ind2="1" tag="264">
      <marc:subfield code="a">Wien</marc:subfield>
      <marc:subfield code="b">Molden</marc:subfield>
      <marc:subfield code="c">2022</marc:subfield>
   </marc:datafield>
   <marc:datafield ind1="1" ind2=" " tag="520">
      <marc:subfield code="a">Quelle: bn.bibliotheksnachrichten (http://www.biblio.at/literatur/bn/index.html); &#xD;
Autor: Aleksandar Medic / PH Kärnten; &#xD;
Über das menschliche Umweltverhalten und wie man es verbessern kann. (NB)&#xD;
Die Auswirkungen des menschengemachten Klimawandels sind kaum zu übersehen: Extreme Hitze, schreckliche Flutkatastrophen und weitflächige Waldbrände sind mittlerweile zur Normalität geworden. Die Ursachen für diese Wetterextreme sind grundsätzlich bekannt. Der Mensch trägt mit seinem unverantwortlichen Lebensstil die größte Schuld an der Klimakrise. Obwohl man mittlerweile schon von Kindesbeinen an lernt, welches Verhalten für die Umwelt schädlich ist, ändern nur wenige etwas an ihrer Art zu leben. Doch häufig sind es genau die kleinen Taten, die den Unterschied machen: den Müll trennen, Wasser und Strom sparen oder die öffentlichen Verkehrsmittel nutzen. Trotzdem fällt es vielen Menschen schwer, den inneren »Umweltschweinehund« zu überwinden. Doch warum ist das so? Warum machen wir es nicht einfach?&#xD;
Der Beantwortung dieser Frage widmet sich Isabella Uhl-Hädicke in diesem Buch. Mit Hilfe von grundlegenden Phänomenen der Psychologie und alltagspraktischen Beispielen werden menschliche Verhaltensmuster einfach und verständlich erklärt. Dabei entstehen Einblicke in die theoretischen Grundlagen der Umweltpsychologie, die mit leicht anwendbaren Tipps und Übungen zum Selbermachen ergänzt werden. Hier handelt es sich nicht um ein Buch mit einem aufdringlichen und vorwurfsvollen Appell an die Leserschaft, sondern vielmehr um einen motivierenden, anregenden und hoffnungsvollen Denkanstoß.</marc:subfield>
   </marc:datafield>
   <marc:datafield ind1=" " ind2=" " tag="020">
      <marc:subfield code="a">9783222150777</marc:subfield>
      <marc:subfield code="9">9783222150777</marc:subfield>
   </marc:datafield>
   <marc:datafield ind1=" " ind2=" " tag="020">
      <marc:subfield code="a">322215077x</marc:subfield>
      <marc:subfield code="9">322215077x</marc:subfield>
   </marc:datafield>
   <marc:datafield ind1=" " ind2=" " tag="041">
      <marc:subfield code="a">ger</marc:subfield>
   </marc:datafield>
   <marc:datafield ind1=" " ind2=" " tag="338">
      <marc:subfield code="a">Band</marc:subfield>
   </marc:datafield>
   <marc:datafield ind1=" " ind2=" " tag="300">
      <marc:subfield code="a">173 Seiten</marc:subfield>
   </marc:datafield>
</marc:record>
